000 01687nam a2200325 a 4500
001 17125576
008 180817s2013 ||||||||||||||||| || u
010 _a2012002200
020 _a9780521859387 (v. 1 : hardback)
020 _a9780521860062 (v. 2 : hardback)
020 _a9780521858236 (v. 4 : hardback)
020 _a9780521513425 (v. 3 : hardback)
050 _aBS 445 New
100 _aSchaper, Joachim
245 1 4 _aThe New Cambridge history of the Bible: the bible, from the beginnings to 600
_cedited by James Carleton Paget and Joachim Schaper
246 _aCambridge history of the Bible
260 _aCambridge:
_bCambridge University Press
_c2013
300 _axxvii, 979p.: ill.
336 _atext
_2rdacontent
337 _aunmediated
_2rdamedia
338 _avolume
_2rdacarrier
500 _aAn updated edition of The Cambridge history of the Bible. Cambridge : University Press, 1963-70. 3 volumes. Includes bibliographical references and indexes.
505 _avolume 1. From the beginnings to 600 / edited by James Carleton Paget and Joachim Schaper -- volume 2. From 600 to 1450 / edited by Richard Marsden and E. Ann Matter -- volume 3. From 1450 to 1750 / edited by Euan Cameron -- volume 4. From 1750 to the present / edited by John Riches.
650 _aBIBLE--HISTORY
650 _aBIBLE--CRITICSM, INTERPRETATION, ETC.--HISTORY
650 _aBIBLE--USE--HISTORY
700 _aPaget, James Carleton
856 _uhttp://assets.cambridge.org/97805218/60062/cover/9780521860062.jpg
995 _FCBU-MAIN LIBRARY (Kitwe)
_M1
_UAVAILABLE
_WAug 17, 2018
_ZMain Library Open Access Collection
999 _c52096
_d52096